000 00420nam a22001697a 4500
005 20180821122045.0
008 160524b xxu||||| |||| 00| 0 eng d
020 _a0-07-05388-2
041 _aeng
082 _b4594
_a658.4012
100 _aWalkers Orville C.& Others
_94846
245 _aMarketing Strategy
260 _aNew Delhi
_bAcademic Faundation
300 _a279p,
650 _aManagement
_9241
942 _cBK
999 _c1542
_d1541